000 01005pam a2200325 i 4500
999 _c1651
_d1651
001 017834292
003 Uk
005 20230118081648.0
008 160317r20161988enka j 000|1|eng|d
015 _aGBB660829
_2bnb
016 7 _a017834292
_2Uk
020 _a9781405280686 (pbk.) :
040 _aStDuBDS
_beng
_cStDuBDS
_dUk
_dKH8
_erda
042 _aukblcatcopy
082 0 4 _a823.914 DIG
_223
100 1 0 _aDigby, Anne,
_eauthor.
245 1 4 _aThe tennis term at Trebizon /
_cAnne Digby.
264 1 _aLondon :
_bEgmont,
_c2016.
300 _a182 pages :
_billustrations (black and white) ;
_c20 cm
336 _atext
_2rdacontent
336 _astill image
_2rdacontent
337 _aunmediated
_2rdamedia
338 _avolume
_2rdacarrier
500 _aOriginally published: London: Puffin, 1988.
500 _aFormerly CIP.
_5Uk
530 _aAlso issued online.
650 0 _aTrebizon School (Imaginary organization)
_vJuvenile fiction.
655 0 _aChildren's stories.
942 _2ddc
_cNFIC